Carregant...

Effect of parental encouragement academic anxiety and socioemotional adjustment on process skills in social science of secondary school students of Kerala state

Dades bibliogràfiques
Autor principal: Bindu V
Format: Electronic Thesis
Idioma:English
Matèries:
Accés en línia:http://hdl.handle.net/10603/205476
LEADER 00736nam a2200193Ia 4500
001 207521
008 190202t ii ||||fom||| 00| 0 eng d
100 |a Bindu V 
245 |a Effect of parental encouragement academic anxiety and socioemotional adjustment on process skills in social science of secondary school students of Kerala state 
502 |a Thesis (Ph. D.) -- Department of Education, University of Calicut, 
546 |a English 
653 |a Academic anxiety 
653 |a Academic anxiety||Parental encouragement||Socioemotional adjustment 
653 |a Parental encouragement 
653 |a Socioemotional adjustment 
796 |a Aruna P K 
856 |u http://hdl.handle.net/10603/205476 
952 |a ON  |c ETD  |y ETD 
999 |c etd207521